El cultivo del durazno [P. persica (L.) Batsch] en la subregión suroccidental del departamento de Norte de Santander /

Bibliographic Details
Main Authors: Cancino Escalante, Giovanni Orlando (Author), Cancino, Susan Elsa (Author), Quevedo García, Enrique (Author)
Format: Electronic eBook
Language:Spanish
Published: [Pamplona, Colombia] : Editorial Universidad de Pamplona, 2020.
Subjects:
Online Access:Digitalia Hispánica

MARC

LEADER 00000nam a2200000 i 4500
001 DIGUPAMP0011
003 NyNyDIG
007 cr |||||||||||
008 240201s2020 ck ao ob 000 0 spa d
006 m o d
035 |a (OCoLC)1422055524 
040 |a DGITA  |b eng  |e rda  |e pn  |c DGITA 
020 |z 9789585224353 
050 1 4 |a HD9259.P299 ebook 
100 1 |a Cancino Escalante, Giovanni Orlando,  |e author. 
245 1 3 |a El cultivo del durazno [P. persica (L.) Batsch] en la subregión suroccidental del departamento de Norte de Santander /  |c Giovanni Orlando Cancino Escalante, Susan Elsa Cancino, Enrique Quevedo García. 
264 1 |a [Pamplona, Colombia] :  |b Editorial Universidad de Pamplona,  |c 2020. 
300 |a 1 online resource :  |b illustrations, photographs. 
336 |a text  |b txt  |2 rdacontent 
337 |a computer  |b c  |2 rdamedia 
338 |a online resource  |b cr  |2 rdacarrier 
347 |a text file  |2 rdaft 
347 |b PDF 
504 |a Includes bibliographical references. 
588 0 |a Online resource; title from PDF title page (Digitalia, viewed February 1, 2024) 
650 0 |a Peach  |x Research  |z Colombia  |z Norte de Santander. 
700 1 |a Cancino, Susan Elsa,  |e author. 
700 1 |a Quevedo García, Enrique,  |e author. 
791 2 |a Digitalia (Firm),  |e distributor. 
793 0 |g Digitalia eBook Collection:  |a Universidad de Pamplona 
776 0 8 |i Print version:  |a Cancino Escalante, Giovanni Orlando.  |t Cultivo del durazno [P. persica (L.) Batsch] en la subregión suroccidental del departamento de Norte de Santander.  |b Primera edición.  |d [Pamplona, Colombia] : Editorial Universidad de Pamplona, [2020]  |z 9789585224353 
856 4 0 |3 Digitalia Hispánica  |u https://www.digitaliapublishing.com/a/131103/ 
910 |a Premium collection: 2024